Guess the Formula One Driver #1 - Statistics

General Stats
  • This quiz has been taken 651 times
  • The average score is 7 of 10
Answer Stats
Career Driver % Correct
Minardi - Renault - McLaren - Renault - Ferrari - McLaren - Alpine - Aston Martin Fernando Alonso
91%
Torro Rosso - Red Bull Max Verstappen
89%
Williams - Racing Point - Aston Martin Lance Stroll
87%
HRT - Torro Rosso - Red Bull - Renault - McLaren - Alpha Tauri - RB Daniel Ricciardo
84%
Sauber - McLaren - Force India - Racing Point - Red Bull Sergio Perez
82%
Jordan - Benetton - Ferrari - Mercedes Michael Schumacher
75%
Manor - Force India - Renault - Alpine - Haas Esteban Ocon
72%
Toleman - Lotus - McLaren - Williams Ayrton Senna
59%
Toyota - Sauber Kamui Kobayashi
15%
Force India - Lotus - Renault Jolyon Palmer
9%
No matching quizzes found
Score Distribution
Percent of People with Each Score
Percentile by Number Answered
Your Score History
You have not taken this quiz